Dividendová politika v podmienkach Slovenskej republiky diplomová práca

Guardado en:
Detalles Bibliográficos
Autor principal: Nguyen, Lan Nhi
Autor Corporativo: Národohospodárska fakulta EU. Katedra financií
Otros Autores: Hocman, František, 1983-
Formato: Libro
Lenguaje:eslovaco
Publicado: Bratislava 2023
Etiquetas: Agregar Etiqueta
Sin Etiquetas, Sea el primero en etiquetar este registro!

MARC

LEADER 00000nbm a2200000 4500
001 0293095
005 20231127102204.7
041 0 |a slo 
044 |a SK 
245 1 0 |a Dividendová politika v podmienkach Slovenskej republiky  |b diplomová práca  |c Lan Nhi Nguyen ; školiteľ: František Hocman 
264 1 |a Bratislava  |c 2023 
300 |a 92 s. 
100 1 |a Nguyen, Lan Nhi 
700 1 |a Hocman, František, 1983- 
710 2 |a Národohospodárska fakulta EU. Katedra financií